The upcycle : beyond sustainability - designing for abundance

Saved in:
Bibliographic Details
Main Authors McDonough, William, 1951- (Author), Braungart, Michael, 1958- (Author)
Format Book
LanguageEnglish
Published New York : Melcher Media : North Point Press, 2013
EditionFirst edition
Subjects
ISBN978-0-86547-748-3
Physical Descriptionxvii, 227 stran : ilustrace ; 21 cm

Cover

LEADER 00000nam a2200000 i 4500
001 115628
003 CZ ZlUTB
005 20260511091813.0
007 ta
008 260511s2013 xxua f 000 0 eng d
020 |a 978-0-86547-748-3  |q (brožováno) 
040 |a ZLD002  |b cze  |e rda 
072 7 |a 502  |x Životní prostředí a jeho ochrana  |2 Konspekt  |9 2 
080 |a 502.21-022.252  |2 MRF 
080 |a 504  |2 MRF 
080 |a 620.284  |2 MRF 
080 |a [330.567.2+338.3]:502.1  |2 MRF 
080 |a (048.8)  |2 MRF 
100 1 |a McDonough, William,  |d 1951-  |7 xx0031674  |4 aut 
245 1 4 |a The upcycle :  |b beyond sustainability - designing for abundance /  |c William McDonough and Michael Braungart 
250 |a First edition 
264 1 |a New York :  |b Melcher Media :  |b North Point Press,  |c 2013 
300 |a xvii, 227 stran :  |b ilustrace ;  |c 21 cm 
336 |a text  |b txt  |2 rdacontent 
337 |a bez média  |b n  |2 rdamedia 
338 |a svazek  |b nc  |2 rdacarrier 
504 |a Obsahuje bibliografické odkazy 
650 0 7 |a neobnovitelné přírodní zdroje  |7 ph436857  |2 czenas 
650 0 7 |a ekologická krize  |7 ph119796  |2 czenas 
650 0 7 |a recyklované materiály  |7 ph137302  |2 czenas 
650 0 7 |a udržitelná spotřeba a výroba  |7 ph200882  |2 czenas 
650 0 9 |a unrenewable natural resources  |2 eczenas 
650 0 9 |a ecological crisis  |2 eczenas 
650 0 9 |a recycled materials  |2 eczenas 
650 0 9 |a sustainable consumption and production  |2 eczenas 
655 7 |a monografie  |7 fd132842  |2 czenas 
655 9 |a monographs  |2 eczenas 
700 1 |a Braungart, Michael,  |d 1958-  |7 vse2009515561  |4 aut 
910 |a ZLD002 
942 |2 udc 
952 |0 0  |1 0  |4 0  |5 0  |6 502MCDONOUGHW  |7 0  |8 BOOK  |9 191087  |a UTBZL  |b UTBZL  |c 005  |d 2026-05-11  |l 0  |o 502/McDONOUGH,W.  |p 420010202064  |r 2026-05-11 09:19:20  |v 463.00  |w 2026-05-11  |x N:nákup  |y 01 
992 |a BK  |b SKNEW 
999 |c 115628  |d 115628